| 000 | 01386nam a2200361 a 4500 | ||
|---|---|---|---|
| 001 | 000109403 | ||
| 003 | CHAP | ||
| 005 | 20220329144049.0 | ||
| 008 | 140424s2013 mx a sm |||||||spa d | ||
| 010 | _a105865 | ||
| 011 | _a106837 | ||
| 040 | _cCHAP | ||
| 090 | _aTesis | ||
| 100 | 1 |
_aAndrés Jacinto, Israel _9126603 |
|
| 245 | 1 | 0 |
_aIdentificación y sensibilidad a fungicidas del pátogeno causante de pudrición en fruto de zapote (Pouteria sp.) en poscosecha, en Chapingo,México _h[En línea] _cpor Israel Andres Jacinto. |
| 260 |
_aChapingo, Méx. : _bEl autor, _c2013. |
||
| 500 | _aPara ver el contenido del material haga clic en la liga | ||
| 502 | _aTesis (Ing. Agr. Esp. en Parasitología Agrícola) -- UACH. Departamento de Parasitología Agrícola | ||
| 590 |
_aBATCH-UPD _b05 _c20141002 _lUCH01 _h0901 |
||
| 590 |
_aBATCH _b00 _c20181121 _lUCH01 _h0758 |
||
| 590 |
_aE5652GLJ _b05 _c20140424 _lUCH01 _h1316 |
||
| 590 |
_aE5652GLJ _b05 _c20140424 _lUCH01 _h1418 |
||
| 590 |
_aE5652GLJ _b05 _c20140424 _lUCH01 _h1418 |
||
| 650 | 1 | 4 |
_aFungicidas _xAplicación. _9126604 |
| 650 | 1 | 4 |
_aHongos fitopatógenos. _956132 |
| 650 | 1 | 4 |
_aHongos _xIdentificación. _956105 |
| 650 | 1 | 4 |
_aZapote _xPudrición del fruto. _9126605 |
| 856 |
_a1 _n0000370 |
||
| 856 |
_aFinding aid _uhttp://10.13.5.2/tesis/sist109403.pdf _zTeclea aquí |
||
| 901 | _aBK | ||
| 942 | _cTESIS | ||
| 942 | _n0 | ||
| 999 |
_c105865 _d105865 |
||